| 000 | 01426cam a2200265 4500 | ||
|---|---|---|---|
| 001 | ##L135628 | ||
| 002 | ##11607 | ||
| 008 | 061120n2006 000 0 eng u | ||
| 020 |
_a1903202566 _a978190320562 |
||
| 035 | _a(Sirsi) u135628 | ||
| 041 | 0 | _aeng | |
| 050 | 0 | 4 | _a331.2166 $2 18 |
| 110 | 2 |
_aMirza and Nacey Research _bThe Fees Bureau _95085 |
|
| 245 | 0 | 0 |
_aQuantity surveyors fees _ba survey of the fees charged by professional quantity surveying practices |
| 260 |
_aArundel _bFees Bureau _c2006 |
||
| 300 |
_a45p. _c30cm. |
||
| 350 | _a195 | ||
| 490 | 0 | _aMirza and Nacey Quantity Surveyors Fees | |
| 520 | _aThe information in this publication is based on a survey of professional quantity surveying practices throughout the UK undertaken over the 24 month period to July 2006. Divided into four sections, section one examines the survey background and includes methodology and respondent profile. Section two discusses quantity surveyors charge-out rates, with section three discussing fees including contractual and regional variations and the trend in fees from 1999 to 2006. Section four contains detailed analysis of the fees data including private housing, leisure, offices, industrial, retail and public and community projects. | ||
| 590 | _aKA | ||
| 650 | 2 | 4 | _aMIRZA AND NACEY'S QUANTITY SURVEYORS' FEES |
| 651 | 4 |
_aUnited Kingdom _y |
|
| 690 | _aMANAGEMENT-BUSINESS MANAGEMENT-FEES | ||
| 942 | _n0 | ||
| 999 |
_c106120 _d106120 |
||